[Event "Bad Homburg"]
[Site "Bad Homburg"]
[Date "1996.??.??"]
[Round "1"]
[White "Movsesian, Sergei"]
[Black "Alterman, Boris"]
[Result "0-1"]
[WhiteElo "2635"]
[BlackElo "2590"]
[Annotator "Alterman,B"]
[PlyCount "106"]
[EventDate "1996.07.20"]
[EventType "tourn"]
[EventRounds "9"]
[EventCountry "GER"]
[EventCategory "12"]
[SourceTitle "CBM 055"]
[Source "ChessBase"]
[SourceDate "1996.12.01"]
[SourceVersion "1"]
[SourceVersionDate "1996.12.01"]
[SourceQuality "1"]

1. e4 e6 2. Nc3 d5 3. d4 Bb4 4. e5 b6 5. Bd2 Ne7 6. a3 $6 (6. Nf3) (6. Nb5 $5
Bxd2+ 7. Qxd2 O-O) (6. f4 Bxc3 7. Bxc3 Ba6 8. Ne2 c5 9. Qd2 Nbc6 10. O-O-O Qc7
11. g4 g6 12. Bg2 h5 13. h3 O-O-O 14. Bf3 Kb8 15. Ng3 Rc8 16. Ne2 hxg4 17. hxg4
Rxh1 18. Bxh1 Bxe2 19. Qxe2 Nxd4 20. Bxd4 cxd4 21. Rxd4 Nc6 22. Rd2 g5 23. f5
Nxe5 24. fxe6 fxe6 25. c3 Qd6 26. Rd4 Ng6 27. Kb1 Rh8 28. Rd1 Qe5 29. Qf1 Nf4
30. Re1 Qf6 31. a3 Qg6+ 32. Ka1 Qd3 33. Qxd3 Nxd3 34. Rf1 Ne5 35. Rg1 Rh4 36.
Ka2 Kc7 37. c4 Nxc4 38. Bf3 Rh2 39. Bg2 Kd6 {Makropoulou,M-Moutousis,K/Aegina
op/1994/0:1/39/}) 6... Bxc3 7. Bxc3 (7. bxc3 Ba6 8. Bxa6 Nxa6 9. Qg4 O-O 10.
Ne2 Qd7 11. Ng3 f5 12. exf6 Rxf6 13. O-O Re8 14. Rfe1 Nf5 15. Nh5 Rf7 16. Bf4
Nb8 17. Be5 Ref8 18. Rad1 Qa4 19. Rd3 Qxc2 20. Rf3 Nd7 21. Bxc7 Rc8 22. Bf4 Nf8
23. Be5 Ng6 24. Qg5 Rxc3 25. Rxc3 Qxc3 26. Rc1 Qxa3 27. h3 Qf8 28. Rc3 Nfe7 29.
Qg4 Nf5 30. Qg5 Qe8 31. Qc1 Nfe7 32. Bxg7 Qa4 {Kulaots,K-Psakhis,L/Biel op/
1995/0,5/48/EXP-48/}) 7... Ba6 $10 8. Bxa6 Nxa6 9. Qg4 $6 (9. Ne2 $10) 9... Nf5
10. Ne2 h5 $1 11. Qf4 Qh4 12. Qd2 (12. Qxh4 Nxh4 13. O-O c5 $15) 12... c5 13.
g3 Qe7 (13... Qe4 14. O-O-O Rc8 15. Rhe1) 14. O-O-O Rc8 $1 (14... O-O-O $2 15.
dxc5 $1 Nxc5 (15... bxc5 16. Ba5 Rd7 17. Qc3 $132)) 15. Kb1 Nb8 16. h3 (16.
dxc5 bxc5 17. b3 Nc6 $17) 16... Nc6 17. g4 $1 (17. dxc5 bxc5 18. g4 Nh4 $17)
17... Nfxd4 (17... Nh4 18. Qe3 $1 $13) 18. Bxd4 Nxd4 (18... cxd4 19. f4 Qc5 20.
Nc1 {/\Nd3,e5}) 19. Nxd4 cxd4 20. f4 Qc7 $15 21. gxh5 (21. g5 $1 Qc4 $15) 21...
Rxh5 22. Qe2 g6 23. Rxd4 Kf8 $17 24. c3 Kg7 25. Qf3 Rch8 26. Rd3 Qc4 27. Rd4
Qb5 28. Rd3 Rf5 (28... Qc5 29. Rd4 b5 30. Rd3 a5 31. Rd4 Qb6 {/\ Rc8-c4,b4})
29. Rd4 Qc5 30. Rg1 Qc7 31. Qd3 Rfh5 32. Rg3 Qc5 33. Ka2 b5 34. Rb4 a6 35. a4
$2 $138 bxa4 $1 36. Qxa6 (36. Rxa4 a5 $17) 36... Rxh3 37. Rxh3 Rxh3 38. Qxa4
Rh2 39. Qa3 Rf2 $1 40. Rd4 Qb5 41. Qb4 Qa6+ 42. Qa3 Qe2 43. Rb4 Rf1 44. Ra4 (
44. Rb8 Qc4+ $19) 44... Qd1 (44... Rc1 $1 45. Qe7 Ra1+ $3 46. Kxa1 Qd1+ 47. Ka2
Qxa4+ 48. Kb1 Qxf4 $19) 45. Qb4 (45. Ra8 Qa1+) 45... Qb1+ 46. Kb3 Rf2 47. Qa3
Kh7 $22 48. Ra8 Qc2+ 49. Kb4 $2 (49. Ka2 Rxf4 50. Qf8 Ra4+ 51. Rxa4 Qxa4+ 52.
Kb1 Qe4+ (52... Qd7 53. b4 g5 54. Qc5) (52... Qf4 $5 53. b4 g5 54. b5 g4 55. b6
g3 56. b7 g2 57. Qc5 d4 $19) 53. Ka2 Qf5 $19) 49... Qxb2+ 50. Qxb2 Rxb2+ 51.
Ka3 Rf2 52. Ra4 Kh6 53. Rd4 Kh5 0-1

[Event "Karditsa"]
[Site "Karditsa"]
[Date "1996.??.??"]
[Round "5"]
[White "Vouldis, Angelos"]
[Black "Graf, Alexander"]
[Result "0-1"]
[WhiteElo "2425"]
[BlackElo "2595"]
[Annotator "Alterman,B"]
[PlyCount "82"]
[EventDate "1996.03.??"]
[EventType "tourn"]
[EventRounds "9"]
[EventCountry "GRE"]
[EventCategory "12"]
[SourceTitle "CBM 053"]
[Source "ChessBase"]
[SourceDate "1996.08.01"]
[SourceVersion "1"]
[SourceVersionDate "1996.08.01"]
[SourceQuality "1"]

1. e4 e6 2. d4 d5 3. Nc3 Bb4 4. e5 Ne7 5. a3 Bxc3+ 6. bxc3 b6 7. Nh3 {/\
Nf4-h5+/-} (7. Qg4 $1 Ng6 8. h4 h5 9. Qd1 $1 Ba6 10. Bxa6 Nxa6 11. Bg5 Qd7 12.
Ne2 Nb8 (12... c5 13. Ng3 $16) (12... Qc6 13. O-O $1 Kd7 14. f4 Raf8 15. f5
exf5 16. Qd3 Nb8 17. Rxf5 $16) (12... Ne7 13. Nf4 g6 (13... Qc6 $6 14. Rh3 $1
$16) 14. Bxe7 (14. Qd3 Nb8 15. Bf6 Rg8 16. f3 $14) 14... Qxe7 15. Qd3 Nb8 16.
c4 $1 $16) 13. Ng3 $6 (13. O-O $1 Ne7 14. Nf4 g6 15. Bxe7 Qxe7 16. c4 $1 $36)
13... Qc6 14. Qf3 $6 (14. O-O Qxc3 15. Nxh5 Rh7 $15) (14. Kd2 Qc4 15. Nxh5 Rh7
$13) 14... Nd7 15. Bd2 (15. O-O f6 $1 16. exf6 gxf6 17. Bxf6 Rf8 $1 18. Nxh5
Nxf6 19. Nxf6+ Ke7 $17) 15... Qa4 $1 16. Nxh5 Rh7 17. Rc1 c5 $17 18. Nf4 Nxh4
19. Qg4 Nf3+ 20. Ke2 Nfxe5 $1 21. Qg3 (21. dxe5 Qc4+ $19) 21... Qb5+ $1 (21...
Qc4+ 22. Nd3 Rxh1 23. Rxh1 Ng6 24. Rh7 cxd4 25. Rxg7 dxc3 26. Bg5 $44) 22. Nd3
Rxh1 23. Rxh1 Ng6 (23... Nxd3 24. cxd3 $36) 24. Rh7 $44 {Khalifman,A-Ehlvest,J/
EST/1994/}) 7... Ng6 8. a4 Ba6 (8... c5 9. a5 Ba6 $14 {Short/} (9... Ba6 10.
Bxa6 Nxa6 11. O-O $14)) 9. Bxa6 Nxa6 10. O-O Nb8 11. Qg4 $6 (11. f4 $1 Qd7 (
11... Ne7 12. g4 $1 g6 13. f5 $1 gxf5 14. Bg5 Rg8 15. Kh1 $1 fxg4 16. Qxg4 h6
17. Bxe7 Rxg4 18. Bxd8 Kxd8 19. Rxf7 $16 {Nunn,J/}) 12. f5 $1 $16 exf5 13. Qh5
Nf8 $8 14. g4 g6 15. Qh6 (15. Qh4 $1 fxg4 16. Ng5 Ne6 17. Nxf7 $1 Rf8 18. Qxh7
$1 Rxf7 19. Qxg6 Nf8 20. Qh5 Nc6 21. Ba3 Nd8 22. e6 {/\ Rae1+-}) 15... Rg8 $1
16. Ba3 Nc6 17. Bxf8 Rxf8 18. gxf5 O-O-O 19. Kh1 $2 (19. Ng5 gxf5 $8 20. Kh1 $1
$16) 19... Ne7 20. f6 $8 Nf5 21. Qf4 Nxd4 $1 $17 22. cxd4 Qxh3 23. a5 b5 $1 (
23... Kb7 $2 24. axb6 axb6 25. e6 $1 Qxe6 26. Ra7+ $1 Kxa7 27. Qxc7+ Ka6 28.
Ra1+ Kb5 29. Rb1+ $10) 24. Rf3 Qe6 25. a6 $1 (25. Qd2 a6 $19) 25... c6 26. Qd2
Kb8 27. Qb4 Rfe8 $1 (27... Ka8 28. Qe7 $1) 28. Rc3 Ka8 29. Rb1 Rc8 $2 (29...
Rb8 $1 {/\ Rb6-+}) 30. Rc5 Qg4 31. Qc3 $1 Qe4+ 32. Kg1 Qg4+ 33. Kh1 Qd7 34. Rb3
h5 35. h3 Qf5 $6 36. Rxc6 Qf1+ 37. Kh2 Qf2+ {Nunn,J-Hansen,L/Lugano/1989/0,5/})
11... Nc6 12. Bg5 $2 (12. Nf4 Nxf4 13. Bxf4 Rg8 14. Bg5 Qd7 15. f4 $6 f5 $1 16.
Qh5+ (16. exf6 $2 gxf6 17. Rae1 O-O-O $1 $19 {Seirawan/}) 16... g6 17. Qh6 Qg7
18. Qh3 Na5 19. Bf6 Qf7 20. Qh6 c6 $1 21. Rf3 Rc8 22. h3 Nc4 $17 {Matanovic/}
23. Rd3 Kd7 24. g4 Kc7 25. Kf2 Kb7 26. Bh4 Ka6 $5 (26... a5 27. Ke2 Ka6) 27.
Ke2 c5 28. Ra2 Rc7 29. Qg5 h5 30. Rg3 hxg4 31. hxg4 Rh8 32. Rg2 Qe8 33. Bf2 Rh3
$6 34. gxf5 gxf5 35. dxc5 bxc5 36. Rg3 Rxg3 37. Qxg3 {Karpov,A-Seirawan,Y/Mar
del Plata/1982/0,5/81/}) (12. f4 h5 13. Qf3 Nge7) 12... Qd7 13. Nf4 Nxf4 14.
Bxf4 Rg8 15. Qh5 h6 $15 16. Bc1 Na5 17. Qe2 Nc4 18. f4 a5 $6 (18... O-O-O $1
19. g4 Rde8 20. f5 f6 $1 $17) 19. g4 $1 O-O-O 20. f5 Rde8 21. f6 g5 22. h4 Rg6
23. Rf3 (23. h5 Rgg8 24. Be3 Qc6 25. Rfb1 Kd7 $15) 23... gxh4 24. Rh3 Reg8 25.
Rxh4 Qc6 26. Kf2 (26. Bxh6 Nxe5 $1 (26... Rh8 27. Bg5 Rxh4 28. Bxh4 $44) 27.
Qxe5 (27. dxe5 Qxc3 28. Rf1 Qg3+ $19) 27... Rxg4+ 28. Rxg4 Rxg4+ 29. Kf2 Qxc3
30. Bf4 (30. Re1 Qh3 $19) 30... Rxf4+ 31. Qxf4 Qxa1 32. Qg4 (32. Qg5 Qxd4+ 33.
Kg2 Kd7 $19) 32... Kd7 $19) 26... b5 $17 27. Bxh6 bxa4 28. Bc1 Qe8 29. Kf3 Rh8
$1 {xRa1} 30. Qh2 Rxh4 31. Qxh4 a3 32. Bxa3 Rg8 33. Bc1 Rh8 $19 34. Bh6 Qg8 35.
g5 Qg6 36. Ra2 (36. Qf2 Qe4+ 37. Kg3 Ne3 38. Rxa5 (38. Qf3 Nf5+ 39. Kf2 Qh4+
40. Ke2 Nxh6 41. gxh6 Rxh6 42. Rxa5 Rg6 $19) 38... Nf5+ 39. Kh2 Nxh6 $19) 36...
Kd7 37. Qe1 Rb8 38. Kg2 a4 39. Qc1 a3 40. Rxa3 Rb2 41. Ra8 Rxc2+ 0-1

[Event "Koop Tjuchem"]
[Site "Groningen"]
[Date "1996.??.??"]
[Round "2"]
[White "Shirov, Alexei"]
[Black "Timman, Jan H"]
[Result "0-1"]
[WhiteElo "2685"]
[BlackElo "2590"]
[Annotator "Alterman,B"]
[PlyCount "79"]
[EventDate "1996.12.20"]
[EventType "tourn"]
[EventRounds "11"]
[EventCountry "NED"]
[EventCategory "16"]
[SourceTitle "CBM 057"]
[Source "ChessBase"]
[SourceDate "1997.04.01"]
[SourceVersion "1"]
[SourceVersionDate "1997.04.01"]
[SourceQuality "1"]

1. e4 {Meulders} e6 2. d4 d5 3. Nc3 Bb4 4. e5 b6 5. Qg4 Bf8 6. Bg5 Qd7 7. Bb5
Nc6 (7... c6 8. Be2 (8. Bd3 Ba6 9. Nge2 h6 10. Bd2 (10. Qh3 $142 $5 Ne7 11.
Bxa6 $10 {(Tal)}) 10... Ne7 11. O-O c5 $10 {(Pachman 68)} 12. dxc5 bxc5 13. Ng3
(13. Bxa6 $5) 13... c4 14. Be2 Nbc6 15. f4 Nd4 $1 $15 {(Schwarz 67)} 16. b3
Nef5 17. bxc4 h5 18. Nxh5 Bc5 19. Kh1 Nxe2 20. Nxe2 O-O-O 21. Neg3 Rh6 22. h3
Bb7 23. Nxf5 exf5 24. Qe2 dxc4 25. Rad1 Qc6 $2 (25... Rdh8 $1 $17 {(Thomas)})
26. Ba5 Rd4 27. Rxd4 Bxd4 28. Rd1 Bb6 29. Bxb6 axb6 30. Rd6 Rxd6 31. exd6 g6
32. Ng3 b5 {Gurgenidze,B-Tal,M/Tbilisi 1956/1/2-1/2 (42)}) 8... Ba6 9. Nf3 Ne7
10. a4 Nf5 11. O-O Bxe2 12. Nxe2 c5 13. c3 Nc6 14. Qh3 Be7 15. Bd2 Bf8 16. g4
Nfe7 17. Ng5 h6 18. f4 g6 19. Nf3 c4 20. Ng3 O-O-O 21. Ng5 Ng8 22. f5 Bg7 23.
fxe6 {1-0 Cseshkovsky,V-Erendzhenov,S/RUS-ch Elista (09) ,CBM 50 1995}) 8. Nce2
(8. Nf3 a6 9. Ba4 Bb7 10. O-O h6 11. Qh3 Nge7 12. Ne2 Rg8 13. Bd2 O-O-O 14.
Rae1 Kb8 15. c3 Nc8 16. Bc1 a5 17. Bb5 N8a7 18. Bd3 Qc8 19. Nd2 Ba6 20. Bxa6
Qxa6 21. Kh1 Rd7 22. f4 g6 23. g4 Ne7 24. Ng3 c5 25. f5 cxd4 26. fxe6 fxe6 27.
cxd4 Nac6 {1/2-1/2 Topalov,V-Hamdouchi,H/Biel izt (06) ,CBM 37 1993 (41)}) 8...
a6 9. Ba4 b5 10. Bb3 f6 11. exf6 Nxf6 12. Qh4 Ne7 $5 {Alterman: Interesting
sacrifice. First of all Timman wants to fight, maybe because Alexey Shirov
likes to attack with the same style, but not to defend many moves without a
clear plan.  Meulders kommentiert deutsch. Eine interessante Idee: statt sich
nach etwa 12...Be7 mit einer etwas schlechteren Stellung zufrieden zu geben,
investiert Timman einen Bauern.} (12... Be7 $14) 13. Bxf6 Ng6 14. Qg5 gxf6 15.
Qxf6 Bh6 $1 {Verhindert 0-0-0 und droht Damengewinn mittels ...Rf8.} (15... Bg7
16. Qg5 $16) 16. Qf3 Qg7 17. Qg3 $6 (17. c3 $5 Bb7 18. Bc2 O-O-O 19. Qg4 Qf6
20. Nf3 Rhg8 21. Qh5 $1) 17... Bb7 18. Nf3 ({Nach} 18. Qd3 {kommt nicht} O-O-O
19. a4 {mit gefährlichem Angriff, sondern 18...0-0, und der schwarze König
kann sich auf h8 verstecken. Danach beginnt der Angriff auf der f-Linie.})
18... O-O-O 19. O-O Rhg8 {Alterman: Now Black has full compensation for the
pawn.} 20. c3 {Stützt das Zentrum und bereitet langfristig den Rückzug der
Dame nach einem eventuellen Schlagen auf h7 vor. So weit kommt es aber nicht.
Mehr Chancen bot wahrscheinlich das unmittelbare Vorgehen am Damenflügel. Eine
mögliche Variante wäre:} (20. a4 $1 {Meulders} Qf6 21. Qh3 {Es drohte Nf4} Bf4
22. axb5 axb5 23. c3 Rd7 24. Bc2 Rdg7 25. Ra7 Bd6 26. Rfa1 Nf4 27. Nxf4 Bxf4 (
27... Qxf4 28. Ne1 Kb8 29. R7a5 $18) 28. Ne1 Bd2 29. g3 Rf8 30. Nd3 $18) 20...
Qf6 21. Qh3 Bf8 22. Bc2 Bd6 23. Rae1 {Verfolgt einen falschen Plan: Angriff
auf e6. Noch immer war eine Aktion mit a4 nötig:} (23. a4 $1 {Meulders} b4 24.
Bd3 Rd7 25. Rae1 Rdg7 26. Kh1 Kb8 27. Qh6 Qf8 28. cxb4 Bxb4 29. Rc1 Bd6 30.
Bxg6 hxg6 31. Ne5 Rh8 32. Qe3 Rgh7 33. h3 Qf5 34. Kg1 $16) 23... Kb8 24. Ng3 {
Ein furchtbarer Fehler; Weiß hätte dem schwarzen Springer nie das Feld f4
überlassen dürfen.} (24. Qh6 {Meulders} Rd7 25. Ne5 Rdg7 26. Ng3 $16) 24... Nf4
25. Qh4 Qf8 {Plötzlich erweist es sich, daß die weiße "Madame" wie eine Ratte
in die Falle gegangen ist. Weiß verliert mindestens eine Figur. Shirov wählt
noch das Beste: 3 Bauern für einen Springer.} 26. Ng5 (26. Qxh7 $2 {Alterman:
is inferior since it leads to} Rh8 $19) (26. Ne5 $2 {Meulders} Be7 27. Qxh7 Rg7
28. Qh6 Bg5 $19) 26... Be7 27. Nxe6 Bxh4 28. Nxf8 Rdxf8 29. Bxh7 Rg7 30. Bc2 c5
31. Re3 (31. dxc5 $1 d4 32. Be4 (32. cxd4 Bxg2 33. Be4 Bxf1 34. Kxf1 $17) 32...
dxc3 33. bxc3 Bxe4 34. Rxe4 Rg5 $15) 31... cxd4 32. cxd4 Bd8 33. Re5 Bc8 34.
Rd1 Bg4 35. f3 Bd7 36. Kf2 {Hiernach geht es schnell zu Ende. Weiß hätte sich
passiv verhalten müssen. Eine Möglichkeit:} (36. Rd2 {Meulders} Ba5 37. Rf2 Kc7
38. Nh5 Nh3+ 39. Kf1 Nxf2 40. Nxg7 Ng4 41. Ne6+ Bxe6 42. Rxe6 Bb6 43. Bb3 Nf6 {
und obwohl es mindestens =+ steht, ist die Partie noch nicht vorbei.}) 36...
Rh8 37. Bf5 $2 $19 (37. Kg1 $142 Bh4 $17) 37... Rxh2 38. Bxd7 Rxd7 (38... Bh4
39. Ke3 Nxg2+ 40. Kd3 Bxg3 41. Re8+ Kc7 42. Bg4 $19) 39. Ke3 (39. Re8 $19)
39... Nxg2+ 40. Kd3 0-1

[Event "EU-ch 4th"]
[Site "Istanbul"]
[Date "2003.06.10"]
[Round "10"]
[White "Bartel, Mateusz"]
[Black "Atalik, Suat"]
[Result "0-1"]
[WhiteElo "2443"]
[BlackElo "2568"]
[Annotator "Atalik,S"]
[PlyCount "70"]
[EventDate "2003.05.30"]
[EventType "swiss"]
[EventRounds "13"]
[EventCountry "TUR"]
[SourceTitle "CBM 096"]
[Source "ChessBase"]
[SourceDate "2003.09.25"]
[SourceVersion "1"]
[SourceVersionDate "2003.09.25"]
[SourceQuality "1"]

1. e4 e6 2. d4 d5 3. Nc3 Bb4 4. e5 Ne7 $5 {I have noticed that my opponent
plays a rather toothless line against the Classical Winawer.} 5. Bd2 $6 {
If I know that this would be everyone's choice I would only play Classical
Winawer.} ({Of course} 5. a3 Bxc3+ 6. bxc3 c5 7. Qg4 O-O 8. Bd3 $40 {is the
problem.}) 5... b6 $5 {This is what I have decided to play against IM Kanefsck
in Mar del Plata but Gustavo changed the move.} 6. Nce2 $5 Bxd2+ 7. Qxd2 Ba6 8.
f4 c5 9. Nf3 Nbc6 10. O-O-O $2 {This type of mistake is very well known.} (10.
c3 O-O 11. Ng3 $11) 10... Bxe2 $1 {Black gets rid of his light squared bishop
and ready to roll queenside massive pawn avalanche.} 11. Bxe2 c4 $36 {That is
it! The advantage is on black side.} 12. g4 $6 {This is too much.} ({White has
to take precautions about black's attack. In my opinion he has to meet the
attack where it starts in other words queenside.} 12. Kb1 $142 b5 13. b3 $5)
12... b5 13. f5 exf5 14. gxf5 Nxf5 15. Kb1 $2 (15. Qf4 $142 g6) 15... O-O $17 {
Black is not only a pawn up but he is ready to break in the center.} 16. Rhg1 (
16. Qf4 Qd7 $1) 16... f6 17. Rg4 fxe5 18. dxe5 $2 {Mistake after mistake.} (18.
Nxe5 Qd6 19. Bf3 Rad8 $17) 18... d4 19. Rdg1 Qe7 20. Qf4 Rae8 $19 {Black is
close to win.Also the nature of the game for the coming moves which depends on
calculation suits me well.} 21. Rg5 (21. Qe4 Nxe5 $19) 21... Nxe5 $1 {This is
the trick!} 22. Nxd4 ({First rank weakness is acute.} 22. Rxf5 Rxf5 23. Qxf5
Nxf3 24. Bxc4+ bxc4 25. Qxf3 Qe1+ 26. Qd1 Qxd1+ 27. Rxd1 Re2 $19) 22... Ng6 $1
23. Nxf5 Nxf4 $1 (23... Qxe2 24. Qg3) 24. Nxe7+ Rxe7 25. Bg4 h5 $1 26. Bf5 (26.
Bf3 Ref7 $1 $19) 26... Ref7 27. Be4 Nh3 $1 (27... Ne6 $6 28. Rd5) 28. Bd5 Nxg1
29. Rxg1 Kh7 30. Bxf7 Rxf7 {A string of 10 consecutive forced moves. I have
foreseen everything.} 31. b3 c3 {Rook ending is really simple for black.} 32.
a3 Kh6 33. Rg3 Rf1+ 34. Ka2 Rf2 35. Rxc3 Rxh2 {My opponent who would make a GM
norm in case he wins accepted the defeat .} 0-1

[Event "Moscow"]
[Site "Moscow"]
[Date "1981.04.??"]
[Round "12"]
[White "Beliavsky, Alexander G"]
[Black "Petrosian, Tigran V"]
[Result "1-0"]
[WhiteElo "2620"]
[BlackElo "2585"]
[Annotator "Belov,I"]
[PlyCount "153"]
[EventDate "1981.04.08"]
[EventType "tourn"]
[EventRounds "13"]
[EventCountry "URS"]
[EventCategory "15"]
[SourceTitle "MCL"]
[Source "ChessBase"]
[SourceDate "1999.07.01"]
[SourceVersion "1"]
[SourceVersionDate "1999.07.01"]
[SourceQuality "1"]

1. e4 e6 2. d4 d5 3. Nc3 Bb4 4. e5 b6 5. Qg4 (5. a3 Bf8 6. Bb5+ (6. Nf3 Ne7 7.
h4 h5 8. Bg5 Ba6 9. Bxa6 Nxa6 10. O-O Qd7 11. Qd3 Nb8 12. Ne2 Nbc6 $10 {
Sokolov,A-Portisch,L/Moscow/1990/0,5 (34) Inf 49/349/}) 6... c6 7. Ba4 Bd7 8.
Bb3 $1 Ne7 9. Nce2 c5 10. c3 Bb5 11. Bc2 Nbc6 12. h4 $1 $14 {Hodgson,
Ju-Johansen,P/Kuala Lumpur/1992/0,5 (62) Inf 54/269/}) 5... Bf8 6. a4 (6. Nh3
Ba6 7. Bxa6 Nxa6 8. Nf4 Nb4 $1 9. Qe2 Ne7 10. a3 Nbc6 $10 {Kovalev,A-Vaganian,
R/Tilburg/1992/1:0 (54) Inf 56/311/}) (6. Nf3 Qd7 7. Bb5 c6 8. Be2 Ba6 9. O-O
Ne7 10. Rd1 Nf5 11. a3 $14 {Mokry,K-Ravikumar,V/Dieren/1990/1:0 (39) Inf 50/
319/}) (6. h4 $5 h5 7. Qd1 c5 8. Bg5 Qd7 9. Bb5 Nc6 10. Nge2 a6 11. Bxc6 Qxc6
12. Nf4 $13 {Blatny,P-Psakhis,L/Amsterdam/1989/1:0 (40) Inf 48/400/}) (6. Qg3
Ne7 7. Bg5 Nf5 8. Bxd8 Nxg3 9. hxg3 Kxd8 10. O-O-O Be7 11. f4 $14 {Ljubojevic,
L-Portisch,L/Linares/1989/Inf 47/(364)/}) 6... Nc6 7. Bb5 (7. Nh3 Qd7 8. Bb5 a6
9. Bxc6 Qxc6 10. O-O a5 $1 11. Nf4 Ba6 $10 {Chesney-Gulko,B/Somerset/1986/0:1 
(41) Inf 42/357/}) 7... Bd7 $1 (7... Bb7 8. a5 $14) 8. Bg5 Nge7 9. Nf3 h6 10.
Qh3 (10. Bxe7 Nxe7 11. Bd3 c5 12. O-O Nc6 13. Rfe1 Qc7 $10) (10. Bh4 g5 11. Bg3
Nf5 $13) 10... Nb4 11. Rc1 a6 (11... Bxb5 12. axb5 a6 13. bxa6 Rxa6 14. O-O $14
) 12. Be2 c5 13. O-O Qc7 14. dxc5 $8 bxc5 $13 15. Rfe1 {>< e5/} Rg8 16. Bd2
Nbc6 (16... g5 $6 17. Qh5 $16) (16... Ng6 $5 {/\ Nbc6/}) 17. Bd3 g6 18. b3 Bg7
19. Qg3 Nb4 (19... Nf5 $2 20. Bxf5 gxf5 21. Bxh6 $16) 20. h4 Rb8 21. Bf1 Nf5
22. Qf4 Bf8 23. Nd1 $1 Bc8 24. Ne3 Nxe3 25. Qxe3 $14 Nc6 (25... Bb7 26. Bxb4
cxb4 27. c3 $14) 26. Bd3 Nb4 27. Bf1 Nc6 28. Nh2 $1 {/\ Ng4/} h5 29. Nf3 Ne7
30. g3 $5 Nf5 31. Qe2 Bb7 32. Bg2 (32. Bh3 $5) 32... Be7 33. Bg5 a5 $6 (33...
Bf8 $5) 34. Bxe7 Kxe7 35. Ng5 {/\ Nh7-f6/} Rh8 36. Qd2 Qb6 37. Rb1 $1 Kf8 (
37... Qb4 38. c3) 38. Kh2 Kg7 39. Bh3 $5 {/\ Bf5/} d4 $5 (39... Ne7 $6 40. Qf4
$18) (39... Nh6 40. Qf4 Rbf8 $8 41. c3 $16) 40. Qf4 Qc6 41. Ne4 Qc7 (41... Ba8
42. Qg5 Rhd8 43. Nf6 $16) 42. Nd6 $1 Qe7 (42... Nxd6 43. Qf6+ Kg8 44. exd6 Qxd6
(44... Qd7 45. Rxe6) 45. Bxe6 $1 $18) 43. Bxf5 gxf5 44. c3 $16 Bd5 45. b4 $1
dxc3 (45... axb4 46. cxb4 Rxb4 47. Rxb4 cxb4 48. Qxd4 Rb8 49. Nxf5+ $16) 46. b5
Kh7 47. Rbc1 Rhg8 48. f3 Rbd8 $1 49. Rxc3 f6 $132 50. Nc4 $8 Ra8 $6 (50... Bxc4
$5 51. Rxc4 Rd5 52. Rc2 Rgd8 $14) 51. exf6 $1 Qxf6 52. Qe5 $16 Qg6 53. Nd6 $1
Rg7 54. Rxc5 $6 (54. b6 $5) (54. Rg1 $5 $16) 54... Bxf3 55. b6 Qh6 {/\ Qd2/}
56. Rc2 f4 57. Rg1 $8 (57. gxf4 $4 Qg6 $19) 57... Qg6 58. Rd2 Rf8 59. Rb2 Qg4
60. b7 fxg3+ (60... Rb8 61. Qxf4 $18) 61. Qxg3 Rb8 62. Rb5 {/\ Rh5/} Rd7 63.
Rxa5 $1 Qxg3+ (63... Rxd6 $2 64. Rxh5+ $1 $18) 64. Rxg3 Bd5 $6 (64... Rxd6 65.
Rxf3 Rxb7 66. Rxh5+ Kg6 67. Rg5+ Kh6 $16) 65. Ra6 $1 Bxb7 66. Rb6 $18 Rc7 67.
a5 e5 68. Rb2 $1 (68. a6 $6 Rc2+ 69. Kg1 (69. Kh3 Bg2+ 70. Rxg2 Rc3+ $19) 69...
Rc1+ 70. Kf2 Rf8+ 71. Ke2 Bd5 $13) 68... Rd7 69. Ne4 Rd1 70. Rg1 Rd4 (70...
Rxg1 71. Kxg1 Rg8+ 72. Ng5+ $18) 71. Ng5+ Kh8 72. Nf7+ Kh7 73. Ng5+ Kh8 74. Nf3
Rf4 (74... Rd7 75. Nxe5) 75. Rb6 $1 Kh7 $8 76. Ng5+ Kh8 77. Nh3 $1 (77. Nh3 $1
Rxh4 78. Rh6#) 1-0